[Event "FRA-chT2 0405"]
[Site "France"]
[Date "2005.04.03"]
[Round "11.7"]
[White "Barrielle, Philippe"]
[Black "Aguirre, Simon"]
[Result "0-1"]
[WhiteElo "2080"]
[BlackElo "2212"]
[PlyCount "56"]
[EventDate "2004.10.10"]
[EventType "team"]
[EventRounds "11"]
[EventCountry "FRA"]
[SourceTitle "EXT 2006"]
[Source "ChessBase"]
[SourceDate "2005.11.24"]
[SourceVersion "1"]
[SourceVersionDate "2005.11.24"]
[SourceQuality "1"]

1. b3 d5 2. Bb2 Bf5 3. e3 a6 4. g4 Be4 5. f3 Bg6 6. h4 h5 7. g5 Qd6 8. Ne2 e5 9. Bg2 Nc6 10. f4 Nge7 11. Ba3 Qe6 12. fxe5 Qxe5 13. c3 0-0-0 14. 0-0 f6 15. gxf6 gxf6 16. Qe1 Rg8 17. Nf4 Be4 18. d4 Qf5 19. Nd2 Bxg2 20. Nxg2 Qh3 21. Qf2 Bh6 22. Rae1 Rxg2+ 23. Qxg2 Rg8 24. Qxg8+ Nxg8 25. Nf3 Qg3+ 26. Kh1 Nge7 27. Re2 Qh3+ 28. Kg1 Nf5 0-1

[Event "Provence-chA"]
[Site "Provence"]
[Date "1991.??.??"]
[Round "2"]
[White "Barnier, Alain"]
[Black "Barrielle, Philippe"]
[Result "1/2-1/2"]
[WhiteElo "2070"]
[BlackElo "2030"]
[PlyCount "75"]
[EventDate "1991.??.??"]
[EventType "tourn"]
[EventRounds "9"]
[EventCountry "FRA"]
[SourceTitle "EXT 2005"]
[Source "ChessBase"]
[SourceDate "2004.11.15"]
[SourceVersion "1"]
[SourceVersionDate "2004.11.15"]
[SourceQuality "1"]

1. d4 Nf6 2. Nf3 d5 3. c4 Bf5 4. Nc3 e6 5. Bg5 Be7 6. e3 Nbd7 7. cxd5 exd5 8. Bd3 Be4 9. Bxe4 Nxe4 10. Bxe7 Nxc3 11. Bxd8 Nxd1 12. Bxc7 Nxb2 13. Rb1 Rc8 14. Rxb2 Rxc7 15. Kd2 Ke7 16. Rc1 Rhc8 17. Rbc2 Rxc2+ 18. Rxc2 Rxc2+ 19. Kxc2 Nf6 20. Ne5 Ne4 21. Nd3 Kd7 22. Kb3 g5 23. g4 Nd2+ 24. Kb4 Nf3 25. h3 Ng1 26. Kc5 Ke6 27. f4 f5 28. gxf5+ Kxf5 29. fxg5 Nxh3 30. Kxd5 Nxg5 31. Nf2 h5 32. e4+ Kf4 33. e5 Kg3 34. Nh1+ Kf4 35. e6 h4 36. Nf2 Nxe6 37. Kxe6 Ke3 38. d5 1/2-1/2

[Event "Provence-chA"]
[Site "Provence"]
[Date "1991.??.??"]
[Round "3"]
[White "Barrielle, Philippe"]
[Black "Zimmermann, Walter"]
[Result "1-0"]
[WhiteElo "2030"]
[BlackElo "2250"]
[PlyCount "83"]
[EventDate "1991.??.??"]
[EventType "tourn"]
[EventRounds "9"]
[EventCountry "FRA"]
[SourceTitle "EXT 2005"]
[Source "ChessBase"]
[SourceDate "2004.11.15"]
[SourceVersion "1"]
[SourceVersionDate "2004.11.15"]
[SourceQuality "1"]

1. f4 d5 2. b3 Bg4 3. h3 Bf5 4. Nf3 e6 5. Bb2 Nd7 6. e3 Ngf6 7. Be2 h5 8. d3 Bc5 9. Qd2 Qe7 10. Nc3 h4 11. 0-0-0 0-0-0 12. Nb5 a6 13. Nbd4 Ba3 14. Qa5 Bb4 15. Nc6 Bxa5 16. Nxe7+ Kb8 17. Nxf5 exf5 18. Ne5 Nxe5 19. fxe5 Nh5 20. Bxh5 Rxh5 21. Rhf1 Bb6 22. d4 Re8 23. c4 c6 24. Ba3 Bc7 25. Rd2 Rg5 26. cxd5 cxd5 27. Rf4 Rh5 28. Rf1 Re6 29. Rdf2 g6 30. Rc2 Rg5 31. Rff2 Rg3 32. Rf4 Rc6 33. Rxc6 bxc6 34. Rxh4 Rxe3 35. Rh8+ Kb7 36. Rf8 Bb6 37. Bd6 Bxd4 38. Rxf7+ Kb6 39. Re7 g5 40. Bb8 f4 41. Ba7+ Kb5 42. Bxd4 1-0

[Event "Provence-chA"]
[Site "Provence"]
[Date "1990.??.??"]
[Round "7"]
[White "Girard, Jean Pierre"]
[Black "Barrielle, Philippe"]
[Result "1/2-1/2"]
[WhiteElo "1940"]
[BlackElo "1900"]
[PlyCount "114"]
[EventDate "1990.??.??"]
[EventType "swiss"]
[EventRounds "7"]
[EventCountry "FRA"]
[SourceTitle "EXT 2005"]
[Source "ChessBase"]
[SourceDate "2004.11.15"]
[SourceVersion "1"]
[SourceVersionDate "2004.11.15"]
[SourceQuality "1"]

1. e4 e5 2. Nf3 Nc6 3. Bb5 a6 4. Ba4 Nf6 5. 0-0 Be7 6. Re1 b5 7. Bb3 d6 8. c3 0-0 9. h3 Nb8 10. d4 Nbd7 11. Nbd2 Bb7 12. Bc2 Re8 13. Nf1 Bf8 14. Ng3 g6 15. a4 c5 16. d5 c4 17. Be3 Nc5 18. Bxc5 dxc5 19. axb5 axb5 20. Rxa8 Bxa8 21. Qa1 Qb6 22. Nf1 h5 23. Qc1 Nh7 24. N1h2 Bb7 25. g4 Bc8 26. Kh1 hxg4 27. hxg4 g5 28. Rg1 Qh6 29. Rg3 Bd6 30. Kg2 f6 31. Nf1 Nf8 32. Ne3 Ng6 33. Kf1 Nf4 34. Ke1 Nd3+ 35. Bxd3 cxd3 36. Kd2 c4 37. Rg2 Bc5 38. Rh2 Bxe3+ 39. Kxe3 Qg7 40. Qg1 Qa7+ 41. Kd2 Re7 42. Qh1 Rh7 43. Rxh7 Qxh7 44. Qxh7+ Kxh7 45. Nh2 Kg7 46. f3 Kf7 47. b3 Ke7 48. Nf1 Kd6 49. Kc1 Kc5 50. Kb2 Bd7 51. Nd2 Bc8 52. Ka3 Ba6 53. bxc4 bxc4 54. Ka4 Bc8 55. Ka5 Bb7 56. Ka4 Bc8 57. Ka5 Bb7 1/2-1/2